مكتبة جامعة عجلون الوطنية

فهرس بحث المكتبة

Normal view MARC view
  • المالية والمصرفية-ادارة

Entry Topical Term

Number of records used in: 1

001 - CONTROL NUMBER

  • control field: 61623

003 - CONTROL NUMBER IDENTIFIER

  • control field: JO-AjAnu

005 - DATE AND TIME OF LATEST TRANSACTION

  • control field: 20230606084052.0

008 - FIXED-LENGTH DATA ELEMENTS

  • fixed length control field: 230606|| aca||aabn | a|a d

040 ## - CATALOGING SOURCE

  • Original cataloging agency: JO-AjAnu
  • Transcribing agency: JO-AjAnu

150 ## - HEADING--TOPICAL TERM

  • Topical term or geographic name entry element: المالية والمصرفية-ادارة

670 ## - SOURCE DATA FOUND

  • Source citation: Work cat.: (JO-AjAnu)31431: العبيدي، رائد عبد الخالق عبد الله، م مشارك خالد احمد فرحان المشهداني, author 61622, ادارة المؤسسات المالية والمصرفية